LEADER 02460nam 2200649Ia 450 001 9910451355103321 005 20200520144314.0 010 $a1-281-36493-2 010 $a9786611364939 010 $a1-4039-8135-3 024 7 $a10.1057/9781403981356 035 $a(CKB)1000000000342977 035 $a(SSID)ssj0000125837 035 $a(PQKBManifestationID)11133843 035 $a(PQKBTitleCode)TC0000125837 035 $a(PQKBWorkID)10031314 035 $a(PQKB)10159445 035 $a(DE-He213)978-1-4039-8135-6 035 $a(MiAaPQ)EBC307679 035 $a(Au-PeEL)EBL307679 035 $a(CaPaEBR)ebr10135614 035 $a(CaONFJC)MIL136493 035 $a(OCoLC)560466904 035 $a(EXLCZ)991000000000342977 100 $a20040115d2005 uy 0 101 0 $aeng 135 $aurnn#008mamaa 181 $ctxt 182 $cc 183 $acr 200 00$aCommunities of difference$b[electronic resource] /$fedited by Peter Pericles Trifonas 205 $a1st ed. 2005. 210 $aNew York $cPalgrave Macmillan$d2005 215 $a1 online resource (256 p.) 300 $aBibliographic Level Mode of Issuance: Monograph 311 $a1-4039-6327-4 311 $a1-4039-6326-6 320 $aIncludes bibliographical references and index. 330 $aThis book will look at the implications of educational practices in communities that are differentiated by issues of language, culture, and technology. Trifonas argues that a 'community' is at once a gathering of like-minded individuals in solidarity of purpose and conviction, and also a gathering that excludes others. The chapters in this collection will reveal this tension between theory and practice in order to engage the models of community and the theories of difference that support them as a way to teach, to learn, and to know. 606 $aCritical pedagogy 606 $aDifference (Philosophy) 606 $aGlobalization$xSocial aspects 606 $aCultural pluralism 608 $aElectronic books. 615 0$aCritical pedagogy. 615 0$aDifference (Philosophy) 615 0$aGlobalization$xSocial aspects. 615 0$aCultural pluralism. 676 $a303.48/2 701 $aTrifonas$b Peter Pericles$f1960-$0911854 801 0$bMiAaPQ 801 1$bMiAaPQ 801 2$bMiAaPQ 906 $aBOOK 912 $a9910451355103321 996 $aCommunities of difference$92167421 997 $aUNINA LEADER 01895nas 2200613- 450 001 996449546203316 005 20220519172704.0 011 $a1750-4554 035 $a(OCoLC)763131102 035 $a(CKB)2670000000006473 035 $a(CONSER)--2020154143 035 $a(EXLCZ)992670000000006473 100 $a20111127a20069999 --- - 101 0 $aeng 135 $aurun||||a|a|| 181 $ctxt$2rdacontent 182 $cc$2rdamedia 183 $acr$2rdacarrier 200 00$aAfrican journal of business and economic research $eAJBER 210 $aLondon, U.K. $cAdonis & Abbey Publishers$dİ2006- 215 $a1 online resource $cillustrations 300 $aRefereed/Peer-reviewed 311 $a1750-4562 517 3 $aAJBER 517 3 $aAJBER African journal of business and economic research 606 $aBusiness$vPeriodicals 606 $aEconomics$zAfrica$vPeriodicals 606 $aBusiness$2fast$3(OCoLC)fst00842262 606 $aCommerce$2fast$3(OCoLC)fst00869279 606 $aEconomic history$2fast$3(OCoLC)fst00901974 606 $aEconomics$2fast$3(OCoLC)fst00902116 606 $aVolkswirtschaft$2stw 606 $aWirtschaftspolitik$2stw 606 $aBetriebswirtschaftslehre$2stw 606 $aAfrika$2stw 607 $aAfrica$xCommerce$vPeriodicals 607 $aAfrica$xEconomic conditions$vPeriodicals 607 $aAfrica$2fast 608 $aPeriodicals.$2fast 615 0$aBusiness 615 0$aEconomics 615 7$aBusiness. 615 7$aCommerce. 615 7$aEconomic history. 615 7$aEconomics. 615 7$aVolkswirtschaft. 615 7$aWirtschaftspolitik. 615 7$aBetriebswirtschaftslehre. 615 7$aAfrika. 676 $a330.9605 906 $aJOURNAL 912 $a996449546203316 996 $aAfrican journal of business and economic research$92562786 997 $aUNISA